Diccionario de Teología dogmática / (Record no. 118567)
[ view plain ]
| 000 -LEADER | |
|---|---|
| campo de control de longitud fija | 00669nam a2200193 4500 |
| 001 - NÚMERO DE CONTROL | |
| campo de control | 118567 |
| 003 - IDENTIFICADOR DE NÚMERO DE CONTROL | |
| campo de control | ES-MaACL |
| 005 - FECHA Y HORA DE LA ÚLTIMA TRANSACCIÓN | |
| campo de control | 20230906191127.0 |
| 007 - CAMPO FIJO DE DESCRIPCIÓN FÍSICA--INFORMACIÓN GENERAL | |
| campo de control de longitud fija | t| |
| 008 - DATOS DE LONGITUD FIJA--INFORMACIÓN GENERAL | |
| campo de control de longitud fija | 070214s1955 sp r ||||1| spa d |
| 100 1# - ENTRADA PRINCIPAL--NOMBRE DE PERSONA | |
| Nombre de persona | Parente, Pietro. |
| 9 (RLIN) | 89090 |
| 245 10 - MENCIÓN DEL TÍTULO | |
| Título | Diccionario de Teología dogmática / |
| Mención de responsabilidad, etc. | Pietro Parente, Antonio Piolanti, Salvatore Garofalo ; versión del italiano por Francisco Navarro. |
| 260 ## - PUBLICACIÓN, DISTRIBUCIÓN, ETC. | |
| Lugar de publicación, distribución, etc. | Barcelona : |
| Nombre del editor, distribuidor, etc. | Ed. Litúrgica Española, |
| Fecha de publicación, distribución, etc. | 1955. |
| 300 ## - DESCRIPCIÓN FÍSICA | |
| Extensión | XXVIII, 389 p. ; |
| Dimensiones | 19 cm. |
| 700 1# - ENTRADA AGREGADA--NOMBRE PERSONAL | |
| Nombre de persona | Piolanti, Antonio. |
| 9 (RLIN) | 92304 |
| 700 1# - ENTRADA AGREGADA--NOMBRE PERSONAL | |
| Nombre de persona | Garofalo, Salvatore. |
| 9 (RLIN) | 55623 |
| 700 1# - ENTRADA AGREGADA--NOMBRE PERSONAL | |
| Nombre de persona | Navarro, Francisco. |
| 9 (RLIN) | 85066 |
| 852 ## - LOCALIZACIÓN | |
| Ubicación | ES-MaACL |
| Número de control de estantería | C-17277 |
| Sublocalización o colección | R.45096 |
| Estatus retirado | Estado de pérdida | Estado de daño | No para préstamo | Colección | Biblioteca de origen | Biblioteca actual | Ubicación en estantería | Fecha de adquisición | Fuente de adquisición | Total de préstamos | Signatura topográfica completa | Código de barras | Visto por última vez | Precio de reemplazo | Tipo de ítem Koha |
|---|---|---|---|---|---|---|---|---|---|---|---|---|---|---|---|
| Colección de referencia | Biblioteca del Ateneo de Madrid | Biblioteca del Ateneo de Madrid | Galería | 17/01/2008 | C-17277 | 1123603 | 23/02/2023 | 23/02/2023 | Libro impreso |
